banner koha

Inhibitor of gibberellin biosynthesis in ornamental peppers (Registro n. 338231)

MARC details
000 -LÍDER
fixed length control field 03779nab a2200349 i 4500
003 - CÓDIGO MARC DA AGÊNCIA CATALOGADORA
Campo de controle BR-BrBNA
005 - DATA E HORA DA ÚLTIMA ATUALIZAÇÃO
Campo de controle 20250917164127.0
008 - CAMPO DE TAMANHO FIXO
fixed length control field 250917b2022 bl.qr|pooa||| 00| 0 eng |
040 ## - FONTE DA CATALOGAÇÃO
Agência catalogadora BR-BrBNA
Idioma da catalogação eng
072 ## - CATEGORIA AGRIS
Código AGRIS F01
Código do objeto 2322
100 ## - ENTRADA PRINCIPAL - NOME PESSOAL
Nome pessoal Gonçalves, Aline NS
100 ## - ENTRADA PRINCIPAL - NOME PESSOAL
Nome pessoal Matsumoto, Sylvana N
100 ## - ENTRADA PRINCIPAL - NOME PESSOAL
Nome pessoal Ramos, Paula Acácia S
100 ## - ENTRADA PRINCIPAL - NOME PESSOAL
Nome pessoal Matos, Paula S
100 ## - ENTRADA PRINCIPAL - NOME PESSOAL
Nome pessoal Silva, Tâmara M
100 ## - ENTRADA PRINCIPAL - NOME PESSOAL
Nome pessoal Pereira, Luanna F
100 ## - ENTRADA PRINCIPAL - NOME PESSOAL
Nome pessoal Viana, Anselmo Eloy S
100 ## - ENTRADA PRINCIPAL - NOME PESSOAL
Nome pessoal Brito, Carmem LL
100 ## - ENTRADA PRINCIPAL - NOME PESSOAL
Nome pessoal Leite, Suzany A
245 ## - TÍTULO PRINCIPAL
Título principal Inhibitor of gibberellin biosynthesis in ornamental peppers
500 ## - NOTA GERAL
Nota geral <br/>Publicação online; 27 ref.; 3 illus.; 1 table; Summaries (En, Pt)
942 ## - ADDED ENTRY ELEMENTS (KOHA)
Koha item type Analítica
520 ## - NOTA DE RESUMO
Nota de conteúdo <br/><br/><br/>ABSTRACT: The objective of this study was to evaluate whether the inhibition of gibberellin biosynthesis affects the orphophysiological traits of potted ornamental Capsicum baccatum and Capsicum annuum growing under shade house conditions. Plants maintained in 2.7 L pots were arranged in a completely randomized design in a 2x4 factorial consisting of two pepper cultivars Chapéu-de-frade (C. baccatum) and Vulcão (C. annuum) and four paclobutrazol (PBZ) concentrations (0, 25, 50, and 75 mg L-1) with four replicates. At 30, 45, and 60 days after treatment, the plants were analyzed, and data were submitted to the analysis of general and regression variance. Gibberellin biosynthesis inhibition affected the morphophysiological and biochemical evaluations. For most evaluated traits, no interaction between factors was observed, suggesting that both pepper cultivars had a similar response to the growth regulator. PBZ-induced inhibition of gibberellin biosynthesis improved plant water status, which enhanced the vigor of potted pepper plants. The dramatic reduction of upper leaves promoted by plant growth regulators compared to basal ones negatively impacted the visual ornamental aspect of Chapéu-de-frade peppers. <br/><br/><br/>Keywords: Capsicum annuum, C. baccatum v. pendulum, paclobutrazol, plant growth regulator, ornamental value
520 ## - NOTA DE RESUMO
Nota de conteúdo <br/><br/><br/>RESUMO: O objetivo deste estudo foi avaliar se a inibição da biossíntese de giberelinas afeta as características morfofisiológicas das espécies Capsicum baccatum e Capsicum annuum destinadas ao uso ornamental, cultivadas em vasos em casa de vegetação. As plantas foram conduzidas em vaso de 2,7 L em casa de vegetação, organizadas em delineamento inteiramente casualizado, com esquema fatorial 2x4 constituído por duas variedades de pimenteiras “Chapéu-defrade” (C. baccatum) e “Vulcão” (C. annuum) e 4 concentrações de paclobutrazol (PBZ) (0; 25; 50 e 75 mg L-1) e quatro repetições. Aos 30, 45 e 60 dias após a aplicação do inibidor foram realizadas avaliações. A restrição da biossíntese de giberelinas promove alterações morfológicas que elevam a longevidade e vigor de folhas, e induz um status hídrico que favorece o vigor das pimenteiras envasadas. Para a cv. Chapéu-de-frade, a drástica redução do limbo foliar na parte superior resultante da ação do regulador vegetal em relação a base da copa, resultou em uma copa com menor atributo ornamental.<br/><br/><br/><br/>Palavras-chave: Capsicum annuum, C. baccatum v. pendulum, paclobutrazol, regulador de crescimento, valor ornamental.
650 ## - ASSUNTO - THESAGRO
Cabeçalho tópico ou nome geográfico PIMENTA
650 ## - ASSUNTO - THESAGRO
Cabeçalho tópico ou nome geográfico PLANTA ORNAMENTAL
650 ## - ASSUNTO - THESAGRO
Cabeçalho tópico ou nome geográfico BIOSSÍNTESE
650 ## - ASSUNTO - THESAGRO
Cabeçalho tópico ou nome geográfico REGULADOR DE CRESCIMENTO
773 0# - ENTRADA ANALÍTICA
Host Biblionumber 1047
Registro do item 357914
Imprenta Brasília-DF Sociedade de Olericultura do Brasil 1983
Outro identificador 2025-5879
Título Horticultura Brasileira (Brazil)
ISSN 0102-0536
Colação v. 40(1) p. 48-55; (2022)
Número de controle de registro BR2025001995
856 ## - ACESSO E ENDEREÇO ELETRÔNICO
Identificador uniforme de recurso - URI https://www.scielo.br/j/hb/a/TYyMm3fF3K47Nvjn8SLCYfx/?format=pdf&lang=en

Nenhum exemplar disponível.

BINAGRI

Telefone: (61)3218-2567/2388/3357/2097 - binagri@agro.gov.br

Ministério da Agricultura e Pecuária , Esplanada dos Ministérios, Bloco D, Anexo B, Brasília/DF, CEP: 70.043-900